Kraje pochodzenia różnych napojów - Statystyki

Ogólne statystyki
  • Ten quiz został rozwiązany 342 razy
  • Średni wynik to 3 z 5
Statystyki odpowiedzi
Napój Kraj % Poprawnych
Tymbark Polska
92%
Lipton Ice Tea USA
78%
Red Bul Austria
49%
Dasani (woda od coca coli) USA
49%
Capri - Sun Szwajcaria
8%
Nie znaleziono quizów pasujących do podanych kryteriów
Rozkład punktacji
Procent ludzi z każdym wynikiem
Percentyl według liczby udzielonych odpowiedzi
Twoja historia wyników
Nie rozwiązałeś tego quizu